000 00343nam a22001577a 4500
003 SGT
020 _a9789380316475
082 _a61.015
_bL21B
100 _aBHAT, SHOWKAT AHMAD
245 _aLAB MANUAL BIOCHEMISTRY
250 _a1ST
260 _aINDIA
_bAHUJA PUB
_c2021
300 _a400
650 _aBIOCHEMISTRY
942 _2ddc
_cBK
_09
999 _c21982
_d21982